| 000 | 00625nam a22001457a 4500 | ||
|---|---|---|---|
| 020 | _a978-0-143-06615-6 | ||
| 082 |
_a823 _bGHO/S |
||
| 100 | _aGHOSH, AMITAV | ||
| 245 | _aSEA OF POPPIES | ||
| 260 |
_aLONDON _bPENGUIN BOOKS |
||
| 300 | _a515 | ||
| 520 | _aSea of Poppies begins with the conversion of a former slave ship, the Ibis, into a transport vessel. The ship will henceforth carry opium bound for China and indentured servants to colonies like the British West Indies. As the Ibis is outfitted, readers are led through the splendidly exciting cosmos of 1838 Calcutta. | ||
| 650 |
_aNOVEL,ENGLISH _zLONDON |
||
| 942 | _cBK | ||
| 999 |
_c2399 _d2399 |
||